Một số hiểu biết cơ bản về văn học -nghệ thuật và giáo dục thẩm mỹ

সংরক্ষণ করুন:
গ্রন্থ-পঞ্জীর বিবরন
প্রধান লেখক: Tổng cục chính trị
বিন্যাস: গ্রন্থ
ভাষা:Undetermined
প্রকাশিত: H. QĐND 1998
বিষয়গুলি:
ট্যাগগুলো: ট্যাগ যুক্ত করুন
কোনো ট্যাগ নেই, প্রথমজন হিসাবে ট্যাগ করুন!
Thư viện lưu trữ: Trung tâm Học liệu Trường Đại học Cần Thơ
LEADER 00597nam a2200181Ia 4500
001 CTU_53067
008 210402s9999 xx 000 0 und d
020 |b 24000 
082 |a 306.4 
082 |b T455 
100 |a Tổng cục chính trị 
245 0 |a Một số hiểu biết cơ bản về văn học -nghệ thuật và giáo dục thẩm mỹ 
245 0 |c Tổng cục chính trị 
260 |a H. 
260 |b QĐND 
260 |c 1998 
650 |a socialism and aesthetics,socialism and education 
980 |a Trung tâm Học liệu Trường Đại học Cần Thơ